| 000 | 00486nam a2200145 4500 | ||
|---|---|---|---|
| 999 |
_c15966 _d15966 |
||
| 008 | 210202b ||||| |||| 00| 0 eng d | ||
| 022 | _a0732-8435 | ||
| 082 | _aDPer 657.05 C33 Feb - Aug 2012, v. 82 | ||
| 100 |
_aGrayson, Michael. _942838 |
||
| 245 |
_aWho is right: _bFASB or my accounting students? _cMichael Grayson. |
||
| 260 |
_aNew York: _bThe New York State Society of CPA, _c©2012. |
||
| 300 |
_av82 n4, page 12-13; _c28 cm. |
||
| 650 |
_aAccounting. _942839 |
||
| 942 |
_2ddc _cPER |
||